[Event "Africa-ch"]
[Site "Cairo"]
[Date "2025.05.13"]
[Round "1"]
[White "Ahmed Moustafa, Fares"]
[Black "Sayed Hassan, Mohamed"]
[Result "0-1"]
[WhiteElo "1968"]
[BlackElo "2201"]
[PlyCount "76"]
[EventDate "2025.05.13"]
[EventType "swiss"]
[EventRounds "9"]
[EventCountry "EGY"]
[SourceTitle "CB22_2025"]
[SourceDate "2025.05.28"]
[SourceVersion "1"]
[SourceVersionDate "2025.05.28"]
[SourceQuality "1"]

1. e4 c5 2. Nf3 e6 3. d4 cxd4 4. Nxd4 a6 5. Nc3 Qc7 6. a3 Nf6 7. Be3 b5 8. Qd3 Bb7 9. Bg5 Be7 10. Be2 0-0 11. 0-0 d6 12. f4 h6 13. Bh4 Nbd7 14. Bf3 Nc5 15. Qe3 Ng4 16. Qe1 Bxh4 17. Qxh4 Ne3 18. Rf2 Qb6 19. f5 e5 20. Nb3 Nd7 21. g4 Nxc2 22. Rd1 f6 23. Qg3 Rfc8 24. h4 Ne3 25. Re1 Nc2 26. Rd1 Nd4 27. Nxd4 exd4 28. Ne2 d3 29. Rxd3 Ne5 30. Rd1 Rc4 31. Nc3 Qe3 32. Kg2 Rxc3 33. bxc3 Nxf3 34. Rxf3 Qe2+ 35. Qf2 Qxd1 36. Rf4 Re8 37. Qa7 Bxe4+ 38. Rxe4 Qc2+ 0-1